[Event "World Cup 2023 Open"]
[Site "Baku, Azerbaijan"]
[Date "2023.08.04"]
[Round "14.28"]
[White "Predke Alexandr (SRB)"]
[Black "Mamedov Rauf (AZE)"]
[Result "1/2-1/2"]
[WhiteFideId "24107581"]
[BlackFideId "13401653"]
[WhiteElo "2651"]
[BlackElo "2636"]

1. d4 {[%clk 00:25:16]} {[%emt 00:00:04]} Nf6 {[%clk 00:25:19]} {[%emt
00:00:01]} 2. c4 {[%clk 00:25:24]} {[%emt 00:00:02]} c6 {[%clk 00:25:28]}
{[%emt 00:00:01]} 3. Nf3 {[%clk 00:25:31]} {[%emt 00:00:02]} d5 {[%clk
00:25:37]} 4. e3 {[%clk 00:25:39]} {[%emt 00:00:03]} Bg4 {[%clk 00:25:46]}
{[%emt 00:00:01]} 5. Qb3 {[%clk 00:25:45]} {[%emt 00:00:04]} Qb6 {[%clk
00:24:44]} {[%emt 00:01:12]} 6. Ne5 {[%clk 00:25:51]} {[%emt 00:00:03]} Bf5
{[%clk 00:24:15]} {[%emt 00:00:40]} 7. cxd5 {[%clk 00:25:54]} {[%emt 00:00:07]}
Nxd5 {[%clk 00:22:26]} {[%emt 00:01:59]} 8. Bc4 {[%clk 00:23:30]} {[%emt
00:02:34]} Qxb3 {[%clk 00:21:24]} {[%emt 00:01:12]} 9. Bxb3 {[%clk 00:23:35]}
{[%emt 00:00:05]} f6 {[%clk 00:20:32]} {[%emt 00:01:02]} 10. Nf3 {[%clk
00:23:16]} {[%emt 00:00:29]} e6 {[%clk 00:19:48]} {[%emt 00:00:54]} 11. Nc3
{[%clk 00:22:40]} {[%emt 00:00:46]} Bg6 {[%clk 00:17:59]} {[%emt 00:02:00]} 12.
O-O {[%clk 00:21:06]} {[%emt 00:01:43]} Nd7 {[%clk 00:18:07]} {[%emt 00:00:02]}
13. Bd2 {[%clk 00:19:48]} {[%emt 00:01:28]} Bd6 {[%clk 00:16:28]} {[%emt
00:01:49]} 14. Rfe1 {[%clk 00:19:49]} {[%emt 00:00:10]} O-O-O {[%clk 00:16:25]}
{[%emt 00:00:14]} 15. e4 {[%clk 00:19:50]} {[%emt 00:00:09]} Nxc3 {[%clk
00:16:34]} {[%emt 00:00:01]} 16. Bxc3 {[%clk 00:19:56]} {[%emt 00:00:05]} e5
{[%clk 00:16:25]} {[%emt 00:00:19]} 17. Rad1 {[%clk 00:12:56]} {[%emt
00:07:09]} Rhe8 {[%clk 00:15:38]} {[%emt 00:00:57]} 18. dxe5 {[%clk 00:10:20]}
{[%emt 00:02:46]} Nxe5 {[%clk 00:15:45]} {[%emt 00:00:03]} 19. Nd4 {[%clk
00:09:30]} {[%emt 00:01:00]} Bh5 {[%clk 00:13:58]} {[%emt 00:01:57]} 20. f3
{[%clk 00:09:17]} {[%emt 00:00:23]} Bc5 {[%clk 00:14:06]} {[%emt 00:00:02]} 21.
Kf1 {[%clk 00:09:07]} {[%emt 00:00:20]} Bf7 {[%clk 00:12:54]} {[%emt 00:01:22]}
22. Bxf7 {[%clk 00:07:58]} {[%emt 00:01:20]} Nxf7 {[%clk 00:13:02]} 23. b4
{[%clk 00:07:37]} {[%emt 00:00:31]} Bf8 {[%clk 00:12:40]} {[%emt 00:00:32]} 24.
b5 {[%clk 00:06:46]} {[%emt 00:01:01]} cxb5 {[%clk 00:11:49]} {[%emt 00:01:02]}
25. Nxb5 {[%clk 00:06:40]} {[%emt 00:00:16]} Kb8 {[%clk 00:10:55]} {[%emt
00:01:03]} 26. Rxd8+ {[%clk 00:05:30]} {[%emt 00:01:20]} Rxd8 {[%clk 00:11:04]}
27. Ke2 {[%clk 00:05:39]} {[%emt 00:00:01]} Rc8 {[%clk 00:10:33]} {[%emt
00:00:41]} 28. Rc1 {[%clk 00:03:55]} {[%emt 00:01:54]} Bb4 {[%clk 00:08:49]}
{[%emt 00:01:53]} 29. Bb2 {[%clk 00:03:38]} {[%emt 00:00:26]} Rxc1 {[%clk
00:08:26]} {[%emt 00:00:34]} 30. Bxc1 {[%clk 00:03:47]} {[%emt 00:00:01]} a6
{[%clk 00:08:31]} {[%emt 00:00:05]} 31. Nd4 {[%clk 00:03:56]} {[%emt 00:00:01]}
Kc8 {[%clk 00:08:36]} {[%emt 00:00:05]} 32. Ne6 {[%clk 00:03:56]} {[%emt
00:00:10]} g6 {[%clk 00:08:45]} {[%emt 00:00:01]} 33. Bb2 {[%clk 00:04:05]}
{[%emt 00:00:01]} Kd7 {[%clk 00:08:21]} {[%emt 00:00:34]} 34. Nf4 {[%clk
00:04:13]} {[%emt 00:00:01]} f5 {[%clk 00:08:31]} 35. Nd5 {[%clk 00:01:49]}
{[%emt 00:02:34]} Bd6 {[%clk 00:08:40]} 36. exf5 {[%clk 00:01:17]} {[%emt
00:00:43]} gxf5 {[%clk 00:08:46]} {[%emt 00:00:04]} 37. Nf6+ {[%clk 00:01:15]}
{[%emt 00:00:12]} Ke6 {[%clk 00:08:20]} {[%emt 00:00:35]} 38. Nxh7 {[%clk
00:01:23]} {[%emt 00:00:02]} Bxh2 {[%clk 00:08:25]} {[%emt 00:00:05]} 39. Nf8+
{[%clk 00:01:30]} {[%emt 00:00:03]} Kd5 {[%clk 00:08:25]} {[%emt 00:00:09]} 40.
Ng6 {[%clk 00:01:29]} {[%emt 00:00:13]} Bd6 {[%clk 00:08:10]} {[%emt 00:00:25]}
41. Ke3 {[%clk 00:01:08]} {[%emt 00:00:31]} b5 {[%clk 00:07:49]} {[%emt
00:00:31]} 42. g4 {[%clk 00:01:05]} {[%emt 00:00:13]} fxg4 {[%clk 00:07:44]}
{[%emt 00:00:16]} 43. fxg4 {[%clk 00:01:13]} {[%emt 00:00:01]} a5 {[%clk
00:07:45]} {[%emt 00:00:08]} 44. Nf4+ {[%clk 00:00:57]} {[%emt 00:00:27]} Kc4
{[%clk 00:07:52]} {[%emt 00:00:03]} 45. Ne6 {[%clk 00:00:56]} {[%emt 00:00:11]}
Be7 {[%clk 00:07:02]} {[%emt 00:01:00]} 46. Ke4 {[%clk 00:00:46]} {[%emt
00:00:20]} a4 {[%clk 00:05:55]} {[%emt 00:01:17]} 47. Bc1 {[%clk 00:00:36]}
{[%emt 00:00:20]} b4 {[%clk 00:03:48]} {[%emt 00:02:17]} 48. g5 {[%clk
00:00:45]} {[%emt 00:00:01]} Nd6 {[%clk 00:03:27]} {[%emt 00:00:31]} 49. Ke5
{[%clk 00:00:50]} {[%emt 00:00:05]} Ne8 {[%clk 00:03:36]} 50. Kf5 {[%clk
00:00:30]} {[%emt 00:00:30]} Kc3 {[%clk 00:01:53]} {[%emt 00:01:53]} 51. g6
{[%clk 00:00:35]} {[%emt 00:00:05]} Kc2 {[%clk 00:01:45]} {[%emt 00:00:19]} 52.
Bf4 {[%clk 00:00:42]} {[%emt 00:00:02]} Kb1 {[%clk 00:01:35]} {[%emt 00:00:21]}
53. Be5 {[%clk 00:00:21]} {[%emt 00:00:31]} Bd6 {[%clk 00:00:56]} {[%emt
00:00:49]} 54. Bxd6 {[%clk 00:00:17]} {[%emt 00:00:14]} Nxd6+ {[%clk 00:01:05]}
{[%emt 00:00:01]} 55. Ke5 {[%clk 00:00:26]} Ne8 {[%clk 00:01:14]} 56. Nc7
{[%clk 00:00:35]} {[%emt 00:00:01]} Ng7 {[%clk 00:00:42]} {[%emt 00:00:42]} 57.
Na6 {[%clk 00:00:30]} {[%emt 00:00:15]} Kxa2 {[%clk 00:00:28]} {[%emt
00:00:24]} 58. Nxb4+ {[%clk 00:00:39]} {[%emt 00:00:01]} Kb3 {[%clk 00:00:37]}
{[%emt 00:00:01]} 59. Nd3 {[%clk 00:00:46]} {[%emt 00:00:02]} a3 {[%clk
00:00:46]} 60. Kf6 {[%clk 00:00:40]} {[%emt 00:00:17]} Nh5+ {[%clk 00:00:56]}
61. Kg5 {[%clk 00:00:46]} {[%emt 00:00:04]} 1/2-1/2

[Event "World Cup 2023 Open"]
[Site "Baku, Azerbaijan"]
[Date "2023.08.04"]
[Round "14.29"]
[White "Yilmaz Mustafa (TUR)"]
[Black "Liang Awonder (USA)"]
[Result "0-1"]
[WhiteFideId "6302718"]
[BlackFideId "2056437"]
[WhiteElo "2639"]
[BlackElo "2649"]

1. d4 {[%clk 00:25:19]} {[%emt 00:00:01]} b6 {[%clk 00:25:20]} 2. e4 {[%clk
00:25:26]} {[%emt 00:00:02]} Bb7 {[%clk 00:25:29]} {[%emt 00:00:01]} 3. Bd3
{[%clk 00:25:34]} {[%emt 00:00:02]} e6 {[%clk 00:25:37]} {[%emt 00:00:01]} 4.
Nf3 {[%clk 00:25:40]} {[%emt 00:00:04]} Nf6 {[%clk 00:25:40]} {[%emt 00:00:08]}
5. Qe2 {[%clk 00:25:47]} {[%emt 00:00:03]} d5 {[%clk 00:25:40]} {[%emt
00:00:10]} 6. e5 {[%clk 00:25:55]} {[%emt 00:00:02]} Nfd7 {[%clk 00:25:49]} 7.
O-O {[%clk 00:25:27]} {[%emt 00:00:38]} c5 {[%clk 00:25:58]} {[%emt 00:00:01]}
8. c3 {[%clk 00:25:36]} {[%emt 00:00:01]} Nc6 {[%clk 00:26:07]} {[%emt
00:00:01]} 9. a3 {[%clk 00:25:01]} {[%emt 00:00:44]} Be7 {[%clk 00:26:14]}
{[%emt 00:00:02]} 10. Be3 {[%clk 00:23:05]} {[%emt 00:02:06]} Qc7 {[%clk
00:25:37]} {[%emt 00:00:47]} 11. Nbd2 {[%clk 00:22:34]} {[%emt 00:00:41]} h6
{[%clk 00:25:34]} {[%emt 00:00:14]} 12. b4 {[%clk 00:20:18]} {[%emt 00:02:26]}
c4 {[%clk 00:25:18]} {[%emt 00:00:26]} 13. Bc2 {[%clk 00:20:24]} {[%emt
00:00:03]} O-O-O {[%clk 00:25:25]} {[%emt 00:00:03]} 14. b5 {[%clk 00:18:04]}
{[%emt 00:02:31]} Na5 {[%clk 00:25:33]} {[%emt 00:00:02]} 15. a4 {[%clk
00:17:59]} {[%emt 00:00:16]} Rdg8 {[%clk 00:25:27]} {[%emt 00:00:16]} 16. h3
{[%clk 00:16:24]} {[%emt 00:01:45]} Kb8 {[%clk 00:22:40]} {[%emt 00:02:57]} 17.
Nh2 {[%clk 00:16:14]} {[%emt 00:00:20]} f5 {[%clk 00:21:56]} {[%emt 00:00:54]}
18. g4 {[%clk 00:14:59]} {[%emt 00:01:25]} g6 {[%clk 00:21:38]} {[%emt
00:00:28]} 19. Rab1 {[%clk 00:14:41]} {[%emt 00:00:28]} Nf8 {[%clk 00:21:27]}
{[%emt 00:00:20]} 20. Kh1 {[%clk 00:14:37]} {[%emt 00:00:14]} a6 {[%clk
00:21:16]} {[%emt 00:00:22]} 21. Rg1 {[%clk 00:14:02]} {[%emt 00:00:44]} axb5
{[%clk 00:21:23]} {[%emt 00:00:03]} 22. axb5 {[%clk 00:13:23]} {[%emt
00:00:48]} Bc8 {[%clk 00:21:15]} {[%emt 00:00:18]} 23. f4 {[%clk 00:09:09]}
{[%emt 00:04:25]} Bd7 {[%clk 00:21:13]} {[%emt 00:00:12]} 24. Nhf3 {[%clk
00:07:52]} {[%emt 00:01:27]} Qd8 {[%clk 00:21:18]} {[%emt 00:00:06]} 25. Rg3
{[%clk 00:07:24]} {[%emt 00:00:37]} Qe8 {[%clk 00:21:13]} {[%emt 00:00:14]} 26.
Qg2 {[%clk 00:06:54]} {[%emt 00:00:40]} Kc7 {[%clk 00:20:35]} {[%emt 00:00:49]}
27. Ba4 {[%clk 00:05:42]} {[%emt 00:01:22]} g5 {[%clk 00:16:33]} {[%emt
00:04:11]} 28. fxg5 {[%clk 00:05:00]} {[%emt 00:00:52]} hxg5 {[%clk 00:16:42]}
{[%emt 00:00:02]} 29. gxf5 {[%clk 00:04:44]} {[%emt 00:00:26]} exf5 {[%clk
00:16:51]} {[%emt 00:00:01]} 30. Nxg5 {[%clk 00:03:05]} {[%emt 00:01:49]} f4
{[%clk 00:13:53]} {[%emt 00:03:08]} 31. Bxf4 {[%clk 00:03:14]} {[%emt
00:00:02]} Bxg5 {[%clk 00:11:44]} {[%emt 00:02:19]} 32. Bxg5 {[%clk 00:03:02]}
{[%emt 00:00:21]} Bxh3 {[%clk 00:11:03]} {[%emt 00:00:51]} 33. Rxh3 {[%clk
00:02:45]} {[%emt 00:00:27]} Rxh3+ {[%clk 00:11:12]} {[%emt 00:00:01]} 34. Qxh3
{[%clk 00:02:51]} {[%emt 00:00:05]} Rxg5 {[%clk 00:11:20]} {[%emt 00:00:01]} 35.
Bd1 {[%clk 00:01:48]} {[%emt 00:01:12]} Qg6 {[%clk 00:11:29]} {[%emt 00:00:01]}
36. Bf3 {[%clk 00:00:55]} {[%emt 00:01:04]} Nb3 {[%clk 00:11:03]} {[%emt
00:00:36]} 37. Rd1 {[%clk 00:00:28]} {[%emt 00:00:36]} Rg3 {[%clk 00:08:57]}
{[%emt 00:02:16]} 38. Qh4 {[%clk 00:00:35]} {[%emt 00:00:03]} Nxd2 {[%clk
00:08:51]} {[%emt 00:00:17]} 39. Bxd5 {[%clk 00:00:15]} {[%emt 00:00:31]} Rg5
{[%clk 00:08:53]} {[%emt 00:00:08]} 40. Bf7 {[%clk 00:00:23]} {[%emt 00:00:02]}
Qf5 {[%clk 00:08:21]} {[%emt 00:00:42]} 41. Rxd2 {[%clk 00:00:12]} {[%emt
00:00:21]} Qf1+ {[%clk 00:08:23]} {[%emt 00:00:07]} 42. Kh2 {[%clk 00:00:21]}
{[%emt 00:00:01]} Qg1+ {[%clk 00:08:32]} {[%emt 00:00:01]} 43. Kh3 {[%clk
00:00:29]} Qh1+ {[%clk 00:08:41]} {[%emt 00:00:02]} 44. Rh2 {[%clk 00:00:38]}
Qf3+ {[%clk 00:08:49]} {[%emt 00:00:02]} 0-1

[Event "World Cup 2023 Open"]
[Site "Baku, Azerbaijan"]
[Date "2023.08.04"]
[Round "14.30"]
[White "Gledura Benjamin (HUN)"]
[Black "Yakubboev Nodirbek (UZB)"]
[Result "1-0"]
[WhiteFideId "712779"]
[BlackFideId "14203987"]
[WhiteElo "2645"]
[BlackElo "2640"]

1. d4 {[%clk 00:25:17]} {[%emt 00:00:03]} Nf6 {[%clk 00:25:16]} {[%emt
00:00:04]} 2. c4 {[%clk 00:25:24]} {[%emt 00:00:02]} e6 {[%clk 00:25:24]}
{[%emt 00:00:02]} 3. Nc3 {[%clk 00:25:30]} {[%emt 00:00:04]} d5 {[%clk
00:25:21]} {[%emt 00:00:13]} 4. cxd5 {[%clk 00:25:27]} {[%emt 00:00:14]} exd5
{[%clk 00:25:29]} {[%emt 00:00:02]} 5. Bg5 {[%clk 00:25:30]} {[%emt 00:00:06]}
c6 {[%clk 00:25:32]} {[%emt 00:00:07]} 6. e3 {[%clk 00:25:35]} {[%emt
00:00:05]} h6 {[%clk 00:25:04]} {[%emt 00:00:38]} 7. Bh4 {[%clk 00:25:37]}
{[%emt 00:00:08]} Be7 {[%clk 00:25:09]} {[%emt 00:00:05]} 8. Bd3 {[%clk
00:25:40]} {[%emt 00:00:07]} O-O {[%clk 00:25:08]} {[%emt 00:00:11]} 9. Bg3
{[%clk 00:25:35]} {[%emt 00:00:15]} Re8 {[%clk 00:24:26]} {[%emt 00:00:51]} 10.
h3 {[%clk 00:25:38]} {[%emt 00:00:07]} Bd6 {[%clk 00:23:26]} {[%emt 00:01:11]}
11. Bxd6 {[%clk 00:24:38]} {[%emt 00:01:11]} Qxd6 {[%clk 00:23:34]} {[%emt
00:00:02]} 12. Nge2 {[%clk 00:24:42]} {[%emt 00:00:05]} Nbd7 {[%clk 00:22:46]}
{[%emt 00:00:58]} 13. Qc2 {[%clk 00:23:39]} {[%emt 00:01:13]} Nf8 {[%clk
00:21:47]} {[%emt 00:01:09]} 14. O-O {[%emt 00:03:38]} Ne6 {[%clk 00:18:23]}
{[%emt 00:03:31]} 15. Ng3 {[%clk 00:20:19]} {[%emt 00:00:04]} g6 {[%clk
00:17:42]} {[%emt 00:00:52]} 16. Bxg6 {[%clk 00:18:59]} {[%emt 00:01:30]} Ng7
{[%clk 00:17:10]} {[%emt 00:00:41]} 17. Bd3 {[%clk 00:18:53]} {[%emt 00:00:16]}
h5 {[%clk 00:16:22]} {[%emt 00:00:58]} 18. Rfe1 {[%clk 00:16:54]} {[%emt
00:02:09]} h4 {[%clk 00:15:41]} {[%emt 00:00:52]} 19. Nf1 {[%clk 00:17:01]}
{[%emt 00:00:02]} Nfh5 {[%clk 00:15:19]} {[%emt 00:00:32]} 20. Nh2 {[%clk
00:15:45]} {[%emt 00:01:26]} Qf6 {[%clk 00:14:09]} {[%emt 00:01:20]} 21. Ng4
{[%clk 00:14:40]} {[%emt 00:01:14]} Qg5 {[%clk 00:13:54]} {[%emt 00:00:26]} 22.
f4 {[%clk 00:14:12]} {[%emt 00:00:38]} Qd8 {[%clk 00:13:30]} {[%emt 00:00:33]}
23. f5 {[%clk 00:13:48]} {[%emt 00:00:35]} Ng3 {[%clk 00:12:10]} {[%emt
00:01:30]} 24. Qf2 {[%clk 00:10:41]} {[%emt 00:03:18]} Kf8 {[%clk 00:10:40]}
{[%emt 00:01:41]} 25. e4 {[%clk 00:07:34]} {[%emt 00:03:16]} dxe4 {[%clk
00:10:27]} {[%emt 00:00:23]} 26. f6 {[%clk 00:04:46]} {[%emt 00:02:58]} N7f5
{[%clk 00:05:20]} {[%emt 00:05:17]} 27. Nxe4 {[%clk 00:04:54]} {[%emt
00:00:02]} Nxe4 {[%clk 00:02:45]} {[%emt 00:02:45]} 28. Bxe4 {[%clk 00:04:34]}
{[%emt 00:00:30]} Qxd4 {[%clk 00:02:52]} {[%emt 00:00:03]} 29. Qxd4 {[%clk
00:03:52]} {[%emt 00:00:52]} Nxd4 {[%clk 00:03:01]} {[%emt 00:00:02]} 30. Rad1
{[%clk 00:03:56]} {[%emt 00:00:06]} c5 {[%clk 00:01:43]} {[%emt 00:01:27]} 31.
b4 {[%clk 00:03:37]} {[%emt 00:00:29]} Bxg4 {[%clk 00:01:50]} {[%emt 00:00:03]}
32. hxg4 {[%clk 00:03:45]} {[%emt 00:00:02]} Rad8 {[%clk 00:01:58]} {[%emt
00:00:02]} 33. Bxb7 {[%clk 00:02:36]} {[%emt 00:01:20]} Rxe1+ {[%clk 00:01:14]}
{[%emt 00:00:54]} 34. Rxe1 {[%clk 00:02:44]} cxb4 {[%clk 00:01:23]} {[%emt
00:00:02]} 35. Re5 {[%clk 00:02:52]} {[%emt 00:00:02]} Rd6 {[%clk 00:00:24]}
{[%emt 00:01:09]} 36. g5 {[%clk 00:02:59]} {[%emt 00:00:02]} Ne6 {[%clk
00:00:28]} {[%emt 00:00:06]} 37. Bd5 {[%clk 00:02:46]} {[%emt 00:00:23]} Nf4
{[%clk 00:00:17]} {[%emt 00:00:21]} 38. Bb3 {[%clk 00:02:38]} {[%emt 00:00:18]}
Rd2 {[%clk 00:00:18]} {[%emt 00:00:09]} 39. Re7 {[%clk 00:01:40]} {[%emt
00:01:07]} Rxg2+ {[%clk 00:00:22]} {[%emt 00:00:06]} 40. Kh1 {[%clk 00:01:36]}
{[%emt 00:00:15]} Rxg5 {[%clk 00:00:29]} {[%emt 00:00:03]} 41. Rxf7+ {[%clk
00:01:43]} {[%emt 00:00:03]} Ke8 {[%clk 00:00:38]} {[%emt 00:00:01]} 42. Rg7
{[%clk 00:01:28]} {[%emt 00:00:25]} Rg3 {[%clk 00:00:26]} {[%emt 00:00:21]} 43.
Rg8+ {[%clk 00:00:43]} {[%emt 00:00:55]} Kd7 {[%clk 00:00:20]} {[%emt
00:00:17]} 44. f7 {[%clk 00:00:51]} {[%emt 00:00:02]} 1-0

[Event "World Cup 2023 Open"]
[Site "Baku, Azerbaijan"]
[Date "2023.08.04"]
[Round "13.2"]
[White "Nesterov Arseniy (FID)"]
[Black "Giri Anish (NED)"]
[Result "0-1"]
[WhiteFideId "24198455"]
[BlackFideId "24116068"]
[WhiteElo "2554"]
[BlackElo "2775"]

1. d4 {[%clk 00:25:18]} {[%emt 00:00:01]} Nf6 {[%clk 00:25:20]} 2. c4 {[%clk
00:25:26]} {[%emt 00:00:02]} g6 {[%clk 00:25:29]} 3. Nc3 {[%clk 00:25:30]}
{[%emt 00:00:07]} d5 {[%clk 00:25:38]} 4. cxd5 {[%clk 00:25:37]} {[%emt
00:00:02]} Nxd5 {[%clk 00:25:47]} {[%emt 00:00:01]} 5. e4 {[%clk 00:25:46]}
{[%emt 00:00:01]} Nxc3 {[%clk 00:25:56]} {[%emt 00:00:01]} 6. bxc3 {[%clk
00:25:55]} {[%emt 00:00:01]} Bg7 {[%clk 00:26:06]} 7. Bc4 {[%clk 00:26:04]}
{[%emt 00:00:02]} c5 {[%clk 00:26:14]} {[%emt 00:00:01]} 8. Ne2 {[%clk
00:26:12]} {[%emt 00:00:01]} Nc6 {[%clk 00:26:23]} {[%emt 00:00:01]} 9. Be3
{[%clk 00:26:21]} O-O {[%clk 00:26:31]} {[%emt 00:00:02]} 10. O-O {[%clk
00:26:28]} {[%emt 00:00:03]} b6 {[%clk 00:26:35]} {[%emt 00:00:07]} 11. Rc1
{[%clk 00:26:25]} {[%emt 00:00:13]} Bb7 {[%clk 00:26:32]} {[%emt 00:00:12]} 12.
Bb5 {[%clk 00:26:34]} {[%emt 00:00:01]} Rc8 {[%clk 00:24:30]} {[%emt 00:02:12]}
13. Bxc6 {[%clk 00:26:41]} {[%emt 00:00:03]} Bxc6 {[%clk 00:22:12]} {[%emt
00:02:28]} 14. d5 {[%clk 00:26:45]} {[%emt 00:00:06]} Bb7 {[%clk 00:21:08]}
{[%emt 00:01:14]} 15. c4 {[%clk 00:26:39]} {[%emt 00:00:16]} e6 {[%clk
00:21:10]} {[%emt 00:00:08]} 16. Qa4 {[%clk 00:23:24]} {[%emt 00:03:25]} exd5
{[%clk 00:20:33]} {[%emt 00:00:48]} 17. exd5 {[%clk 00:23:30]} {[%emt
00:00:03]} Ra8 {[%clk 00:18:48]} {[%emt 00:01:56]} 18. Qb3 {[%clk 00:21:25]}
{[%emt 00:02:15]} Bc8 {[%clk 00:18:44]} {[%emt 00:00:15]} 19. a4 {[%clk
00:21:10]} {[%emt 00:00:26]} Re8 {[%clk 00:18:48]} {[%emt 00:00:05]} 20. a5
{[%clk 00:20:45]} {[%emt 00:00:35]} Bd7 {[%clk 00:16:42]} {[%emt 00:02:16]} 21.
axb6 {[%clk 00:14:44]} {[%emt 00:06:11]} axb6 {[%clk 00:16:41]} {[%emt
00:00:12]} 22. Rfe1 {[%clk 00:14:24]} {[%emt 00:00:29]} Ra4 {[%clk 00:14:52]}
{[%emt 00:01:59]} 23. Bd2 {[%clk 00:14:02]} {[%emt 00:00:32]} Qb8 {[%clk
00:11:54]} {[%emt 00:03:08]} 24. Rb1 {[%clk 00:09:54]} {[%emt 00:04:19]} Qa7
{[%clk 00:11:14]} {[%emt 00:00:50]} 25. h3 {[%clk 00:05:47]} {[%emt 00:04:17]}
Ra2 {[%clk 00:10:29]} {[%emt 00:00:55]} 26. Be3 {[%clk 00:05:41]} {[%emt
00:00:15]} Bf5 {[%clk 00:10:20]} {[%emt 00:00:19]} 27. Qb5 {[%clk 00:04:29]}
{[%emt 00:01:23]} Rxe3 {[%clk 00:09:30]} {[%emt 00:01:00]} 28. fxe3 {[%clk
00:04:09]} {[%emt 00:00:30]} Bxb1 {[%clk 00:09:39]} 29. Qe8+ {[%clk 00:04:13]}
{[%emt 00:00:06]} Bf8 {[%clk 00:09:48]} {[%emt 00:00:01]} 30. Nc3 {[%clk
00:03:44]} {[%emt 00:00:38]} Rc2 {[%clk 00:05:24]} {[%emt 00:04:34]} 31. Nxb1
{[%clk 00:00:28]} {[%emt 00:03:25]} Qa2 {[%clk 00:04:51]} {[%emt 00:00:43]} 32.
Qe4 {[%clk 00:00:32]} {[%emt 00:00:06]} Qxc4 {[%clk 00:04:23]} {[%emt
00:00:39]} 33. Qxc4 {[%clk 00:00:32]} {[%emt 00:00:10]} Rxc4 {[%clk 00:04:32]}
34. Na3 {[%clk 00:00:16]} {[%emt 00:00:26]} Rb4 {[%clk 00:04:16]} {[%emt
00:00:26]} 35. e4 {[%clk 00:00:14]} {[%emt 00:00:12]} f6 {[%clk 00:04:07]}
{[%emt 00:00:20]} 36. Nc2 {[%clk 00:00:15]} {[%emt 00:00:08]} Rc4 {[%clk
00:02:47]} {[%emt 00:01:30]} 37. Na3 {[%clk 00:00:17]} {[%emt 00:00:08]} Rc3
{[%clk 00:02:24]} {[%emt 00:00:33]} 38. Nb5 {[%clk 00:00:19]} {[%emt 00:00:08]}
Rb3 {[%clk 00:02:33]} {[%emt 00:00:01]} 39. Nc7 {[%clk 00:00:15]} {[%emt
00:00:14]} c4 {[%clk 00:02:15]} {[%emt 00:00:28]} 40. Rc1 {[%clk 00:00:15]}
{[%emt 00:00:09]} b5 {[%clk 00:01:30]} {[%emt 00:00:55]} 41. Ne6 {[%clk
00:00:16]} {[%emt 00:00:09]} Ba3 {[%clk 00:01:12]} {[%emt 00:00:28]} 42. Rd1
{[%clk 00:00:13]} {[%emt 00:00:14]} c3 {[%clk 00:00:59]} {[%emt 00:00:22]} 43.
Nd4 {[%clk 00:00:14]} {[%emt 00:00:09]} Bc5 {[%clk 00:01:02]} {[%emt 00:00:06]}
44. d6 {[%clk 00:00:23]} {[%emt 00:00:01]} c2 {[%clk 00:01:05]} {[%emt
00:00:08]} 0-1